000 00331nam a22001457a 4500
003 OSt
005 20160727222409.0
008 160624b xxu||||| |||| 00| 0 eng d
040 _cTest
100 _9949
_aSchmidt, C
245 _aGenevieve
260 _aBombay
_b Better Yourself Books
_c1984
300 _aGenevieve
942 _2ddc
_cBK
999 _c753
_d753